European immigration <a> source book
Na minha lista:
| Outros Autores: | , |
|---|---|
| Formato: | Livro |
| Idioma: | inglês |
| Publicado em: |
Farnham
ASHGATE
2014
|
| Edição: | 2nd ed. |
| Colecção: | Research in migration and ethnic relations series
|
| Assuntos: | |
| Tags: |
Sem tags, seja o primeiro a adicionar uma tag!
|
MARC
| LEADER | 00000nam a2200000 4500 | ||
|---|---|---|---|
| 001 | 0229869 | ||
| 005 | 20240315121720.3 | ||
| 020 | |a 978-1-4094-5363-5 | ||
| 020 | |a 9781409453635 | ||
| 041 | 0 | |a eng | |
| 044 | |a GB | ||
| 245 | 1 | 0 | |a European immigration |b <a> source book |c edited by: Anna Triandafyllidou, Ruby Gropas |
| 250 | |a 2nd ed. | ||
| 264 | 1 | |a Farnham |b ASHGATE |c 2014 | |
| 300 | |a 403 s. | ||
| 490 | 1 | |a Research in migration and ethnic relations series | |
| 830 | 0 | |a Research in migration and ethnic relations series | |
| 610 | 2 | 0 | |a imigrácia |
| 610 | 2 | 0 | |a problémy globálne |
| 610 | 2 | 0 | |a problémy spoločenské |
| 610 | 2 | 0 | |a dôsledky sociálne |
| 610 | 2 | 0 | |a demografia |
| 610 | 2 | 0 | |a štýl životný |
| 610 | 2 | 0 | |a multikulturalizmus |
| 610 | 2 | 0 | |a integrácia sociálna |
| 610 | 2 | 0 | |a politika migračná |
| 610 | 2 | 0 | |a údaje štatistické |
| 610 | 2 | 0 | |a porovnanie štatistické medzinárodné |
| 610 | 2 | 0 | |a Európa |
| 610 | 2 | 0 | |a Európska únia |
| 700 | 1 | |a Triandafyllidou, Anna | |
| 700 | 1 | |a Gropas, Ruby | |